000 00524nam a2200193Ia 4500
005 20260120132009.0
008 008 260114s9999 xx 000 0 eng d
020 _a9781383007695
037 _aEBOOK
040 _aCRL
_beng
_cCRL
041 _aeng
_2eng
084 _qCRL
100 _aPohlmann
_9933692
245 4 _aThe Compact Disc Handbook
260 _bOxford University PressOxford University Press
_c2023
856 _uhttps://academic.oup.com/book/49353
942 _cEBOOK
999 _c1525615
_d1525615